A televízió, mint marketingkommunikációs eszköz és a TV2 szponzorációs megoldásai

Bibliográfiai részletek
Szerző: Hoffmann Gabriella
További közreműködők: Kopcsay Dr. László
Dokumentumtípus: Diplomadolgozat
Kulcsszavak:TV2
Marketingkommunikáció
Kommunikációs eszközök
Televízió
Online Access:http://dolgozattar.uni-bge.hu/465

MARC

LEADER 00000nta a2200000 i 4500
001 dolg465
005 20151020130817.0
008 150305suuuu hu om 000 hun d
040 |a BGE Dolgozattár Repozitórium  |b hun 
041 |a hu 
100 1 |a Hoffmann Gabriella 
245 1 2 |a A televízió, mint marketingkommunikációs eszköz és a TV2 szponzorációs megoldásai  |c Hoffmann Gabriella  |h [elektronikus dokumentum] 
246 1 1 |a A televízió, mint marketingkommunikációs eszköz és a TV2 szponzorációs megoldásai 
695 |a TV2 
695 |a Marketingkommunikáció  
695 |a Kommunikációs eszközök 
695 |a Televízió 
700 1 |a Kopcsay Dr. László  |e ths 
856 4 0 |u http://dolgozattar.uni-bge.hu/465/1/NA.pdf  |z Dokumentum-elérés